000 00469nam a2200169Ia 4500
008 090711s9999 xx 000 0 und d
082 _b72543
100 _aकिणीकर रॉय
245 _aउत्तररात्र
260 _c1985
300 _a96
600 _aकिणीकर रॉय
630 _aउत्तररात्र
700 _aकिणीकर रॉय
730 _aउत्तररात्र
942 _cBOOK
999 _c292460
_d292460